101 Rules Of Thumb:For Low Energy Architecture (Record no. 359655)

MARC details
000 -LEADER
fixed length control field 00469 a2200157 4500
005 - DATE AND TIME OF LATEST TRANSACTION
control field 20240924172518.0
008 - FIXED-LENGTH DATA ELEMENTS--GENERAL INFORMATION
fixed length control field 240924b |||||||| |||| 00| 0 eng d
020 ## - INTERNATIONAL STANDARD BOOK NUMBER
International Standard Book Number 9781859464816
082 ## - DEWEY DECIMAL CLASSIFICATION NUMBER
Classification number 720.47/HEY
100 ## - MAIN ENTRY--PERSONAL NAME
Author Heywood H
245 ## - TITLE STATEMENT
Title 101 Rules Of Thumb:For Low Energy Architecture
260 ## - PUBLICATION, DISTRIBUTION, ETC.
Name of publisher, distributor, etc. Riba Publishing
Date of publication, distribution, etc. 2012
Place of publication, distribution, etc. London
300 ## - PHYSICAL DESCRIPTION
Extent 224P
Other physical details PB
500 ## - GENERAL NOTE
Keywords 1.Working With Site And Location<br/>2.Manipulating Orientation And Form
942 ## - ADDED ENTRY ELEMENTS (KOHA)
Koha item type Books
Holdings
Withdrawn status Lost status Source of classification or shelving scheme Damaged status Not for loan Collection code Home library Current library Date acquired Vendor Net Price Total Checkouts Total Renewals Full call number Barcode Date last seen Date last checked out Actual Price Bill Date Koha item type
    Dewey Decimal Classification     Book of B Arch Dr. Bhanuben Nanavati College of Architecture Dr. Bhanuben Nanavati College of Architecture 24/09/2024 170 1694.25 3 1 720.47/HEY BNCA-BK-12825 04/11/2025 13/10/2025 2689.28 24/09/2024 Books